000 00314nam a2200121Ia 4500
008 220216s9999 xx 000 0 und d
100 _aMc Lellan J
245 0 _aInjection moulding - the benefits are there
260 _bRubber Developments
_c1972
300 _a9-May
650 _aInjection moulding
942 _cJS
999 _c61415
_d61415